Quizzes
Events
Quiz Creation
Community
Videos
Private Events
Remove Ads
Sign In
Join for FREE
Feedback
Dark Mode
Quiz Categories
Sports
Geography
Music
Movies
Television
Just For Fun
Miscellaneous
History
Literature
Language
Science
Gaming
Entertainment
Religion
Holiday
For Kids
Quiz Lab
Recent
Popular Today
Quiz Kudos Today
Editor Picks
Curator Picks
Quizzes by...
Day
Popularity
Type
Ratings
Length
Year
Community
Subscriptions
Recent Discussions
Orange Saloon
Badges
Playlists
Quests
Create
Leaderboards
Showdown
Live 5
Trivia Bingo
Activity
Puzzle Library
Sporcle Events
Private Events
Virtual Trivia
Globe League
Become a Host
Pub Owners
SporcleCon
Opinionation
Our Games
Videos
Blog
Mobile Apps
Partnerships
Remove Ads and Go Orange
Feedback
Sports
Athletes
MLB
NBA
NHL
NFL
Soccer
Sports Teams
WWE
NCAA
Football
Premier League
Basketball
Baseball
Hockey
Golf
Tennis
Cricket
Rugby
Auto Racing
Olympics
World Cup
Sports
Athletes
MLB
NBA
NHL
NFL
Soccer
Sports Teams
WWE
NCAA
Football
Premier League
Basketball
Baseball
Hockey
Golf
Tennis
Cricket
Rugby
Auto Racing
Olympics
World Cup
Random Quiz
Search Sporcle
×
Quiz Lab
Quiz Lab
Sports
Basketball
Type in answers that appear in a list
Type in answers that appear in a list
Classic
Best Score? Go Orange.
2010-11 NBA Division Leaders Stats
Can you name the 2010-11 NBA divisionial leaders?
By
robertfoiz
6m
30 Questions
118 Plays
118 Plays
118 Plays
Comments
Comments
Give Quiz Kudos
Give Quiz Kudos
-
- Ratings
hide this ad
More Info
Forced Order
Answers have to be entered in order
Answers have to be entered in order
Replay
Link that replays current quiz
Next Quiz
Link to next quiz in quiz playlist
You Got
0%
They Got
Avg Score
47%
Avg Friend Score
Upgrade to see
Score Distribution
Jump to the score distribution portion of the page
Score
0/30
Timer
06:00
0
Plays Today
Division
Player
% Correct
Atlantic
Rajon Rondo
93.2%
Atlantic
Rajon Rondo
86.4%
Atlantic
Amare Stoudemire
80.5%
Southeast
Lebron James
71.2%
Central
Derrick Rose
66.9%
Central
Derrick Rose
66.1%
Pacific
Kobe Bryant
64.4%
Southeast
Dwight Howard
63.6%
Pacific
Steve Nash
60.2%
Northwest
Kevin Durant
53.4%
Southeast
Lebron James
50.8%
Southwest
Chris Paul
50.8%
Pacific
Andrew Bynum
44.9%
Northwest
Deron Williams
44.9%
Atlantic
Amare Stoudemire
43.2%
Division
Player
% Correct
Southwest
Chris Paul
43.2%
Northwest
Kevin Love
41.5%
Southeast
John Wall
39.8%
Northwest
Serge Ibaka
39%
Atlantic
Kris Humphries
38.1%
Central
Andrew Bogut
38.1%
Pacific
Blake Griffin
38.1%
Southeast
JaVale McGee
37.3%
Southwest
Kevin Martin
34.7%
Northwest
Russell Westbrook
33.9%
Pacific
Monta Ellis
31.4%
Southwest
Zach Randolph
31.4%
Central
Ronnie Brewer
19.5%
Central
J.J. Hickson
15.3%
Southwest
Tim Duncan
11%
Quiz Playlist
Details
Report
Send in Message
Add To Playlist
More Info:
Players must be qualified to lead thier division. Qualifications accoring to espn.com. ^= was traded midseason, still qualified
Classic:
Type in answers that appear in a list
Forced Order:
Answers have to be entered in order
Quiz Source
Last Updated: Feb 16, 2017
Quiz Scoreboard
CHALLENGE
Sign Up to Join the Scoreboard
Show All
Scores
Hide
Comments
May contain spoilers
Recently Published
Presidents Visiting Landmarks
by Hejman
History
7m
An Introduction to Baseball
by treessimontrees
Sports
5m
Movies - When Are They Set?
by FPL_Elf
Movies
5m
More to Explore
Quiz From the Vault
Featured Blog Post
Where Did the Easter Bunny Come From?
hide this ad
You Might Also Like...
Tags
Basketball Quiz
NBA Quiz
LeBron James
Today's Top Quizzes in Sports
Browse Sports
hide this ad
Today's Top Quizzes in Basketball
Browse Basketball
Top Contributed Quizzes in Sports
1
Les meilleurs buteurs des matchs entre le PSG et l’OM
2
2022 World Cup Stars
3
FIFA Club World Cup Champions
4
Les entraîneurs de l'OM et du PSG au 21e siècle
5
Name the Premier League winners with different clubs
6
5-to-1: UK Sports Teams
7
La finale Lions - Afrique du Sud 2021
8
Criteria MLB: Left Handed Sluggers
9
AFC Teams Reveal (Wrong Answers Minefield)
10
England Test cricketers to play under Nasser Hussain
Explore More
Trending Topics
Crossword
Disney
Anime
Marvel
NBA
Harry Potter
Kpop
Song
The Office
Pokémon
Puzzle
NFL
WWE
Soccer
Country
hide this ad
More By:
robertfoiz
Quiz
Plays
Rating
Category
Featured
Created
NBA: Brothers or Not
196,371
4.48
Sports
Apr 8, 2014
NBA Franchise Most Wins: Starting Lineups
746
4.86
Sports
Apr 24, 2014
NBA Top 10 (2012-13)
566
4.53
Sports
Aug 6, 2013
Red Sox Starting Lineups (2000-10)
509
4.25
Sports
Jul 21, 2010
2008 Boston Celtics Championship Roster
390
5.00
Sports
May 1, 2010
Go to Creator's Profile
Score Distribution
Quiz Creator Spotlight
robertfoiz
Follow
Send a Message
Quizzes Created
-
Created Quiz Play Count
-
More By This Creator
Popular Quizzes Today
1
Find the US States - No Outlines Minefield
2
Find the Countries of Europe - No Outlines Minefield
3
The Countries of the World
4
Find the US States
5
Popular People in 1961
6
US States
7
Risky Map Clicking: Biggest States A-Z
8
Movies - When Are They Set?
More Sports Quizzes
Colorado Avalanche Stanley Cup Finals Opponent
Curator's Pick
Trending Quizzes
Risky Map Clicking: Least Populous States A-Z
1-10 Letter G Words
1-10 Letter F Words
Risky Map Clicking: Next State Alphabetically
Risky Map Clicking: Biggest States A-Z
Recently Updated
Leaping Animals
pecheneg
Reality TV Shows (A-Z)
bhenderson79
Rickey Henderson's Hall of Fame Teammates
pecheneg
Champions League XIs: Arsenal
pecheneg
Quick Pick: Celebrities in WWE's Hall of Fame
aduchscher
A-Z Keypad Blitz II
pecheneg
Multiple Oscar Actors
pecheneg
Mystery Phrase Blitz: Oscar 'Best Actors'
pecheneg
F. Scott Fitzgerald Novels
LTH
Pick 3 Villains
ddd62291
Trending Topics
Harry Potter
Disney
NBA
Marvel
Crossword
Kpop
Anime
Country
Puzzle
Song
NFL
The Office
Pokémon
WWE
Soccer
Your Account Isn't Verified!
In order to create a playlist on Sporcle, you need to verify the email address you used during registration. Go to your
Sporcle Settings
to finish the process.
Report this User
Report this user for behavior that violates our
Community Guidelines
.
Details:
Send Report
Go to the Sporcle.com Mobile Site →
Comments